MAASAI MARA UNIVERSITY

LIBRARY CATALOGUE

Contact Us: +254 020 2685356/7 or 0774 057787

Box: 861-20500, NAROK, KENYA

Email: info@mmarau.ac.ke

Des hariscots partout ! (Record no. 33280)

MARC details
000 -LEADER
fixed length control field 00425nam a22001577a 4500
003 - CONTROL NUMBER IDENTIFIER
control field OSt
005 - DATE AND TIME OF LATEST TRANSACTION
control field 20250122122207.0
008 - FIXED-LENGTH DATA ELEMENTS--GENERAL INFORMATION
fixed length control field 250122b |||||||| |||| 00| 0 eng d
020 ## - INTERNATIONAL STANDARD BOOK NUMBER
International Standard Book Number 2800107006
040 ## - CATALOGING SOURCE
Original cataloging agency MMARA-U
Language of cataloging eng
Transcribing agency MMARA-U
Modifying agency MMARA-U
050 ## - LIBRARY OF CONGRESS CALL NUMBER
Classification number PN6790 .F73 1980
245 ## - TITLE STATEMENT
Title Des hariscots partout !
260 ## - PUBLICATION, DISTRIBUTION, ETC. (IMPRINT)
Place of publication, distribution, etc. Paris :
Name of publisher, distributor, etc. Fournier and S.A,
Date of publication, distribution, etc. 1980.
300 ## - PHYSICAL DESCRIPTION
Extent 46 pages :
Other physical details illustrations ;
942 ## - ADDED ENTRY ELEMENTS (KOHA)
Source of classification or shelving scheme Library of Congress Classification
Koha item type L
Holdings
Withdrawn status Lost status Source of classification or shelving scheme Damaged status Not for loan Home library Current library Date acquired Source of acquisition Total Checkouts Full call number Barcode Date last seen Price effective from Koha item type
    Library of Congress Classification     Maasai Mara University Library -Main Campus Maasai Mara University Library -Main Campus 01/22/2025 Donation   PN6790 .F73 1980 24040404 01/22/2025 01/22/2025 L
© 2016 Maasai Mara University.